Fundamentals of infection prevention and control : (Record no. 277374)
[ view plain ]
| 000 -LEADER | |
|---|---|
| fixed length control field | 02501cam a22004098a 4500 |
| 001 - CONTROL NUMBER | |
| control field | 17679770 |
| 005 - DATE AND TIME OF LATEST TRANSACTION | |
| control field | 20150122161948.0 |
| 008 - FIXED-LENGTH DATA ELEMENTS--GENERAL INFORMATION | |
| fixed length control field | 130328s2014 enk b 001 0 eng |
| 010 ## - LIBRARY OF CONGRESS CONTROL NUMBER | |
| LC control number | 2013012753 |
| 020 ## - INTERNATIONAL STANDARD BOOK NUMBER | |
| International Standard Book Number | 9781118306659 (pbk. : alk. paper) |
| 020 ## - INTERNATIONAL STANDARD BOOK NUMBER | |
| International Standard Book Number | 9781118307694 (Mobi) |
| 020 ## - INTERNATIONAL STANDARD BOOK NUMBER | |
| International Standard Book Number | 9781118307700 (ePub) |
| 020 ## - INTERNATIONAL STANDARD BOOK NUMBER | |
| International Standard Book Number | 9781118307717 (ePDF) |
| 020 ## - INTERNATIONAL STANDARD BOOK NUMBER | |
| International Standard Book Number | 9781118673836 (CourseSmart) |
| 020 ## - INTERNATIONAL STANDARD BOOK NUMBER | |
| International Standard Book Number | 9781118673881 (Wiley etext) |
| 035 ## - SYSTEM CONTROL NUMBER | |
| System control number | (DNLM)101605041 |
| 040 ## - CATALOGING SOURCE | |
| Original cataloging agency | DNLM/DLC |
| Transcribing agency | DLC |
| 042 ## - AUTHENTICATION CODE | |
| Authentication code | pcc |
| 050 00 - LIBRARY OF CONGRESS CALL NUMBER | |
| Classification number | RA 761 |
| Item number | .W534 2013 |
| 060 10 - NATIONAL LIBRARY OF MEDICINE CALL NUMBER | |
| Classification number | WX 167 |
| 082 00 - DEWEY DECIMAL CLASSIFICATION NUMBER | |
| Classification number | 362.196/9 |
| 100 1# - MAIN ENTRY--PERSONAL NAME | |
| Personal name | Weston, Debbie. |
| 245 10 - TITLE STATEMENT | |
| Title | Fundamentals of infection prevention and control : |
| Remainder of title | theory and practice / |
| Statement of responsibility, etc | Debbie Weston. |
| 250 ## - EDITION STATEMENT | |
| Edition statement | 2nd ed. |
| 260 ## - PUBLICATION, DISTRIBUTION, ETC. (IMPRINT) | |
| Place of publication, distribution, etc | Chichester, West Sussex : |
| Name of publisher, distributor, etc | John Wiley & Sons, |
| Date of publication, distribution, etc | 2014. |
| 263 ## - PROJECTED PUBLICATION DATE | |
| Projected publication date | 1308 |
| 300 ## - PHYSICAL DESCRIPTION | |
| Extent | 385 pages : |
| Dimensions | colored illustrations ; |
| Other physical details | 25 cm. |
| 500 ## - GENERAL NOTE | |
| General note | Rev. ed. of: Infection prevention and control / Debbie Weston. c2008. |
| 504 ## - BIBLIOGRAPHY, ETC. NOTE | |
| Bibliography, etc | Includes bibliographical references and index. |
| 505 0# - FORMATTED CONTENTS NOTE | |
| Formatted contents note | The burden of healthcare associated infections, old and new disease threats, and the prevention and control of infection in different health settings -- The role of the infection prevention and control team -- Audit and surveillance -- The investigation of clusters, periods of increased incidence and outbreaks -- Microbial classification and structure -- The collection and transportation of specimens -- The microbiology laboratory -- Understanding the immune system and the nature and pathogenesis of infection -- Sepsis -- Antibiotics and the problem of resistance -- Isolation and cohort nursing -- Hand hygiene -- Personal protective equipment (PPE) -- The safe use and disposal of sharps -- Cleaning -- The management of invasive devices, including the prevention of blood-stream infections -- The prevention and management of catheter-associated urinary tract infections -- The prevention and management of surgical site infections -- The prevention and management of hospital and community -acquired pneumonia -- Staphylococcus aureus (including MRSA) -- Tuberculosis -- Clostridium difficile -- Norovirus -- Blood borne viruses. |
| 650 12 - SUBJECT ADDED ENTRY--TOPICAL TERM | |
| Topical term or geographic name as entry element | Cross Infection |
| General subdivision | prevention & control. |
| 650 12 - SUBJECT ADDED ENTRY--TOPICAL TERM | |
| Topical term or geographic name as entry element | Hospitals. |
| 650 22 - SUBJECT ADDED ENTRY--TOPICAL TERM | |
| Topical term or geographic name as entry element | Infection Control |
| General subdivision | methods. |
| 700 1# - ADDED ENTRY--PERSONAL NAME | |
| Personal name | Weston, Debbie. |
| Title of a work | Infection prevention and control. |
| 906 ## - LOCAL DATA ELEMENT F, LDF (RLIN) | |
| a | 7 |
| b | cbc |
| c | orignew |
| d | 1 |
| e | ecip |
| f | 20 |
| g | y-gencatlg |
| 942 ## - ADDED ENTRY ELEMENTS (KOHA) | |
| Source of classification or shelving scheme | Library of Congress Classification |
| Koha item type | Books |
| Call number prefix | Foreign |
| Withdrawn status | Lost status | Source of classification or shelving scheme | Damaged status | Home library | Current library | Shelving location | Date acquired | Source of acquisition | Sub Shelving location | Total Checkouts | Full call number | Barcode | Date last seen | Date checked out | Price effective from | Koha item type |
|---|---|---|---|---|---|---|---|---|---|---|---|---|---|---|---|---|
| Library of Congress Classification | College Library | College Library | Reserve Section | 01/22/2015 | Library Fund | 1 | RA 761 .W534 2013 | C19059 | 04/08/2019 | 04/08/2019 | 01/22/2015 | Books |